|
|
|
|
| LEADER |
00000caa a2200000 c 4500 |
| 001 |
1626710805 |
| 003 |
DE-627 |
| 005 |
20220607101921.0 |
| 007 |
tu |
| 008 |
111014s1984 xx ||||| 00| ||ger c |
| 035 |
|
|
|a (DE-627)1626710805
|
| 035 |
|
|
|a (DE-576)351567305
|
| 035 |
|
|
|a (DE-599)BSZ351567305
|
| 040 |
|
|
|a DE-627
|b ger
|c DE-627
|e rakwb
|
| 041 |
|
|
|a ger
|
| 100 |
1 |
|
|a Berckhauer, Friedhelm
|d 1945-
|0 (DE-588)115583696
|0 (DE-627)077343751
|0 (DE-576)160249791
|4 aut
|
| 109 |
|
|
|a Berckhauer, Friedhelm 1945-
|a Berckhauer, Friedrich Helmut 1945-
|a Berckhauer, F. H. 1945-
|
| 245 |
1 |
4 |
|a Die Berechnung von Erfolgs- und Mißerfolgsquoten der Bewährungshilfe
|b ein Artefakt der Mathematik?
|c Friedhelm Berckhauer; Burkhard Hasenpusch
|
| 264 |
|
1 |
|c 1984
|
| 336 |
|
|
|a Text
|b txt
|2 rdacontent
|
| 337 |
|
|
|a ohne Hilfsmittel zu benutzen
|b n
|2 rdamedia
|
| 338 |
|
|
|a Band
|b nc
|2 rdacarrier
|
| 700 |
1 |
|
|a Hasenpusch, Burkhard
|4 aut
|
| 773 |
0 |
8 |
|i In
|t Monatsschrift für Kriminologie und Strafrechtsreform
|d Berlin : Walter de Gruyter GmbH, 1953
|g 67(1984), 3, Seite 176-185
|w (DE-627)129082368
|w (DE-600)3659-6
|w (DE-576)014415364
|x 0026-9301
|7 nnas
|
| 773 |
1 |
8 |
|g volume:67
|g year:1984
|g number:3
|g pages:176-185
|
| 951 |
|
|
|a AR
|
| ELC |
|
|
|b 1
|
| LOK |
|
|
|0 000 xxxxxcx a22 zn 4500
|
| LOK |
|
|
|0 001 3267305241
|
| LOK |
|
|
|0 003 DE-627
|
| LOK |
|
|
|0 004 1626710805
|
| LOK |
|
|
|0 005 20250508095716
|
| LOK |
|
|
|0 008 111014||||||||||||||||ger|||||||
|
| LOK |
|
|
|0 040
|a DE-21-110
|c DE-627
|d DE-21-110
|
| LOK |
|
|
|0 689
|a s
|a Bewährungshilfeforschung
|
| LOK |
|
|
|0 689
|a s
|a Bewährungshilfe
|
| LOK |
|
|
|0 852
|a DE-21-110
|
| LOK |
|
|
|0 852 1
|m p
|9 00
|
| LOK |
|
|
|0 935
|a K110
|
| LOK |
|
|
|0 938
|k p
|
| LOK |
|
|
|0 939
|a 14-10-11
|b l01
|
| ORI |
|
|
|a SA-MARC-krimdoka001.raw
|